000 01762nam1a2200301 i 4500
001 RU\NLR\bibl\1331723
005 20260601080647.0
010 _a978-5-93834-364-1
035 _a(NLR Aleph) 001316950
090 _a715229
_c715229
100 _a20090220g20089999u y0rusy50 ca
101 0 _arus
102 _aRU
105 _a||||z |||||
200 1 _aАвтомобильные двигатели
_eучебное пособие для вузов
_eдля студентов всех форм обучения специальностей 190603 "Сервис транспортных и технологических машин и оборудования" и 190601 "Автомобили и автомобильное хозяйство"
_eв 2 ч.
_fФедер. агентство по образованию, Гос. образоват. учреждение высш. проф. образования "Юж.-Рос. гос. ун-т экономики и сервиса" (ГОУ ВПО "ЮРГУЭС")
_g[Л.Я. Шкрет и др.]
210 _aШахты
_cИзд-во ЮРГУЭС
_d2008
215 _d20
463 0 _10011278502
606 _aАвтомобильные двигатели
_jУчебные издания для высших учебных заведений
_9888570
_3RU\NLR\auth\66651
686 _aО35я73-1
702 1 _aШкрет
_bЛ. Я.
_gЛеонид Яковлевич
_4220
712 0 2 _4570
_aЮжно-Российский государственный университет экономики и сервиса
_cШахты
_9333515
_3RU\NLR\AUTH\889918691
801 0 _aRU
_bNLR
_c20090220
_gRCR
801 1 _aRU
_bNLR
_c20090220
830 _aсост. по кн
852 _aNLR
_j2008-3/29173
942 _cBOOK